Specific methods of the complex problems solution in strategic decision

Analýza špecifík komplexných rozhodovacích problémov typických pre strategickú úroveň riadenia podniku. Analýza možností prekonávania zložitosti a neurčitosti pri kolektívnom spôsobe rozhodovania s využitím niektorých špecifických metód. Otázka zapojenia vrcholových manažérov do strategického plánov...

Ausführliche Beschreibung

Gespeichert in:
Bibliographische Detailangaben
1. Verfasser: Vološin, Martin
Format: Buchkapitel
Sprache:Englisch
Schlagworte:
Tags: Tag hinzufügen
Keine Tags, Fügen Sie das erste Tag hinzu!

MARC

LEADER 00000naa$a2200000$$$4500
001 0034311
005 20221207121605.4
041 0 |a eng 
044 |a SK 
245 1 0 |a Specific methods of the complex problems solution in strategic decision  |c Martin Vološin 
520 |a Analýza špecifík komplexných rozhodovacích problémov typických pre strategickú úroveň riadenia podniku. Analýza možností prekonávania zložitosti a neurčitosti pri kolektívnom spôsobe rozhodovania s využitím niektorých špecifických metód. Otázka zapojenia vrcholových manažérov do strategického plánovania bez straty účasti kľúčových manažérov na nižších úrovniach. Špecifické metódy, resp. prístupy skupinového strategického rozhodovania: metóda NGT, OSPS a SGT. 
610 2 0 |a plánovanie strategické 
610 2 0 |a rozhodovanie strategické 
610 2 0 |a procesy rozhodovacie 
610 2 0 |a metódy rozhodovania 
100 1 |a Vološin, Martin